|
|
|
|
| LEADER |
01955nam a2200277 u 4500 |
| 001 |
10074364 |
| 003 |
upatras |
| 005 |
20210322192538.0 |
| 008 |
090519s2007 gr gre |
| 040 |
|
|
|a ΠΑΝΕΠΙΣΤΗΜΙΟ ΠΑΤΡΑΣ
|c ΠΑΝΕΠΙΣΤΗΜΙΟ ΠΑΤΡΑΣ
|
| 041 |
0 |
|
|a gre
|
| 082 |
0 |
4 |
|a 616.129
|
| 100 |
1 |
|
|a Κανελλόπουλος, Κωνσταντίνος Ν.
|9 16747
|
| 245 |
1 |
0 |
|a Προσδιορισμός επιπέδων γκρελίνης και BNP ορού, σημασία της διαχρονικής μεταβολής τους και πιθανός προγνωστικός ρόλος τους σε ασθενείς με συστολική καρδιακή ανεπάρκεια
|c Κανελλόπουλος Κωνσταντίνος; Πανεπιστήμιο Πατρών, Σχολή Επιστημών Υγείας, Τμήμα Ιατρικής, Εργαστήριο Φαρμακολογίας
|
| 260 |
|
|
|a Πάτρα
|b [χ.ό.]
|c 2007
|
| 300 |
|
|
|a 78 σ.
|b εικ.
|c 29 εκ.
|
| 504 |
|
|
|a Περιλαμβάνει βιβλιογραφία
|
| 650 |
|
4 |
|a Πεπτίδια
|9 8646
|
| 650 |
|
4 |
|a Καρδιά
|x Ασθένειες
|x Διάγνωση
|9 57932
|
| 710 |
2 |
|
|9 2771
|a Πανεπιστήμιο Πατρών
|b Σχολή Επιστημών Υγείας
|b Τμήμα Ιατρικής
|e Σχολή Επιστημών Υγείας
|e Τμήμα Ιατρικής
|e Τομέας Βασικών Ιατρικών Επιστημών ΙΙ
|e Εργαστήριο Γενικής Φαρμακολογίας
|
| 852 |
|
|
|a GR-PaULI
|b ΠΑΤΡΑ
|b ΒΚΠ
|b ΑΝΕ
|k ΔΙΠΛΩΜΑΤΙΚΗ
|h 616.129 ΚΑΝ
|m 091628
|p 025000161595
|t 1
|
| 856 |
|
|
|u http://nemertes.lis.upatras.gr/jspui/handle/10889/695
|
| 942 |
|
|
|2 ddc
|c BKTD
|
| 998 |
|
|
|c ΓΚΟΓΚΟΥ
|d 2009-05
|
| 999 |
|
|
|c 50609
|d 50609
|
| 952 |
|
|
|0 0
|1 0
|4 0
|6 616_129000000000000_ΚΑΝ
|7 0
|9 75840
|a LISP
|b LISP
|c RES
|d 2016-04-24
|i 091628
|l 0
|o 616.129 ΚΑΝ
|p 025000161595
|r 2016-04-24
|t 1
|w 2016-04-24
|y BKTD
|